[Event "Geneve op"]
[Site "Geneve"]
[Date "1993.??.??"]
[Round "9"]
[White "Fioramonti, Hung"]
[Black "Redzepagic, Rolando"]
[Result "1/2-1/2"]
[WhiteElo "2380"]
[BlackElo "2340"]
[PlyCount "169"]
[EventDate "1993.01.??"]
[EventType "swiss"]
[EventRounds "9"]
[EventCountry "SUI"]
[SourceTitle "EXT 1997"]
[Source "ChessBase"]
[SourceDate "1996.11.15"]
[SourceVersion "1"]
[SourceVersionDate "1996.11.15"]
[SourceQuality "1"]

1. c4 e5 2. Nc3 d6 3. Nf3 f5 4. d4 e4 5. Ng5 Nf6 6. f3 c6 7. Nh3 Be7 8. g3 Na6 9. Bg2 exf3 10. exf3 0-0 11. Be3 Nc7 12. Qd2 d5 13. c5 b6 14. cxb6 axb6 15. 0-0 Ne6 16. Nf4 Re8 17. Rfe1 Bd6 18. a3 Ra7 19. Rac1 Rae7 20. Nxe6 Rxe6 21. Bf1 Bd7 22. Bf2 h6 23. Rxe6 Rxe6 24. Bd3 Re8 25. Re1 Rxe1+ 26. Qxe1 Nh7 27. Kg2 Nf8 28. Ne2 Qf6 29. b4 b5 30. Nc1 Ne6 31. Nb3 Qg5 32. Kh1 Qh5 33. Qe2 Ng5 34. Nd2 f4 35. g4 Qh3 36. Qf1 h5 37. Qxh3 Nxh3 38. Be1 hxg4 39. Kg2 Ng5 40. Bh4 gxf3+ 41. Nxf3 Bh3+ 42. Kf2 Ne4+ 43. Ke1 Bg4 44. Bxe4 dxe4 45. Ne5 Bxe5 46. dxe5 Kf7 47. Bg5 f3 48. Kf2 Ke6 49. Be3 Kxe5 50. Bc5 Kd5 51. Ke3 Bf5 52. Kf2 Kc4 53. Ke3 Kb3 54. Kf2 Kxa3 55. Ke3 Kb3 56. Kf2 Kc2 57. Ke3 Kc3 58. Kf2 Be6 59. Ke3 Bd5 60. Kf2 Bb3 61. Ke3 Bc2 62. Kf2 Kc4 63. Ke3 Kd5 64. Kf2 Ke5 65. Ke3 Kf5 66. Kf2 Kg4 67. Bb6 Kh3 68. Kg1 Bb3 69. Bc5 Bd5 70. Bb6 g5 71. Bc5 g4 72. Bb6 g3 73. hxg3 Kxg3 74. Bc7+ Kg4 75. Bb6 Kf4 76. Kf2 Be6 77. Bc5 Ke5 78. Ke3 Kd5 79. Kf2 Kc4 80. Ke3 Bd5 81. Kf2 Kc3 82. Ke3 Kc2 83. Kf2 Kd1 84. Bb6 Kd2 85. Bc5 1/2-1/2

[Event "Geneve op"]
[Site "Geneve"]
[Date "1993.??.??"]
[Round "6"]
[White "Redzepagic, Rolando"]
[Black "Chabanon, Jean Luc"]
[Result "0-1"]
[WhiteElo "2340"]
[BlackElo "2425"]
[PlyCount "64"]
[EventDate "1993.01.??"]
[EventType "swiss"]
[EventRounds "9"]
[EventCountry "SUI"]
[SourceTitle "EXT 1997"]
[Source "ChessBase"]
[SourceDate "1996.11.15"]
[SourceVersion "1"]
[SourceVersionDate "1996.11.15"]
[SourceQuality "1"]

1. d4 Nf6 2. Nf3 g6 3. Bg5 Bg7 4. c3 0-0 5. Nbd2 d5 6. e3 b6 7. Be2 Bb7 8. 0-0 Nbd7 9. a4 a5 10. Qb3 h6 11. Bh4 g5 12. Bg3 Nh5 13. Ne1 Nxg3 14. hxg3 e5 15. Nef3 e4 16. Nh2 c5 17. g4 Qe7 18. Rfc1 h5 19. gxh5 f5 20. Ndf1 Kh8 21. Qd1 Rf6 22. Bb5 Raf8 23. b3 Rh6 24. Ng3 Qe6 25. Ra2 Nf6 26. Be2 g4 27. Rd2 Nxh5 28. c4 Nxg3 29. fxg3 Rxh2 30. Kxh2 Qh6+ 31. Kg1 Qxe3+ 32. Kf1 f4 0-1

[Event "Geneve op"]
[Site "Geneve"]
[Date "1993.??.??"]
[Round "4"]
[White "Redzepagic, Rolando"]
[Black "Gerber, Richard"]
[Result "1-0"]
[WhiteElo "2340"]
[BlackElo "2320"]
[PlyCount "107"]
[EventDate "1993.01.??"]
[EventType "swiss"]
[EventRounds "9"]
[EventCountry "SUI"]
[SourceTitle "EXT 1997"]
[Source "ChessBase"]
[SourceDate "1996.11.15"]
[SourceVersion "1"]
[SourceVersionDate "1996.11.15"]
[SourceQuality "1"]

1. d4 Nf6 2. c4 g6 3. Nc3 Bg7 4. e4 0-0 5. Be3 d6 6. f3 c6 7. Bd3 e5 8. d5 cxd5 9. cxd5 Ne8 10. Qd2 f5 11. Nge2 Nd7 12. Rc1 Nc5 13. Bb1 a5 14. 0-0 Bd7 15. exf5 gxf5 16. Bg5 Bf6 17. Bh6 Ng7 18. f4 e4 19. Kh1 b5 20. Nd1 b4 21. Ne3 Qb6 22. Rg1 Rae8 23. Nc4 Qa6 24. Ng3 Rf7 25. Nf1 Rfe7 26. Nfe3 Nd3 27. Bxd3 exd3 28. g4 fxg4 29. Nxg4 Bxg4 30. Rxg4 Qc8 31. Rg3 Qf5 32. Qxd3 Qxd3 33. Rxd3 Re1+ 34. Rxe1 Rxe1+ 35. Kg2 Nf5 36. Bg5 Bxb2 37. Nxa5 Re2+ 38. Kf3 Rxh2 39. Kg4 Ng7 40. Nc4 Bc3 41. Nxd6 h5+ 42. Kf3 Rxa2 43. Nc4 Rh2 44. Kg3 Rc2 45. Kf3 b3 46. d6 b2 47. Nxb2 Bxb2 48. d7 Ne6 49. Rd6 Rc3+ 50. Kg2 Kf7 51. Rxe6 Rd3 52. Rb6 Rxd7 53. Rxb2 Kg6 54. Kf3 1-0

[Event "Geneve op"]
[Site "Geneve"]
[Date "1993.??.??"]
[Round "2"]
[White "Redzepagic, Rolando"]
[Black "Sher, Miron Naumovich"]
[Result "0-1"]
[WhiteElo "2340"]
[BlackElo "2500"]
[PlyCount "80"]
[EventDate "1993.01.??"]
[EventType "swiss"]
[EventRounds "9"]
[EventCountry "SUI"]
[SourceTitle "EXT 1997"]
[Source "ChessBase"]
[SourceDate "1996.11.15"]
[SourceVersion "1"]
[SourceVersionDate "1996.11.15"]
[SourceQuality "1"]

1. d4 e6 2. Nf3 c5 3. e3 Nf6 4. Bd3 b6 5. 0-0 Bb7 6. Nbd2 Be7 7. c3 0-0 8. dxc5 bxc5 9. e4 d5 10. Qe2 Nc6 11. exd5 exd5 12. Ba6 Bxa6 13. Qxa6 Qc7 14. Rd1 Rad8 15. Nf1 h6 16. Ng3 Rfe8 17. Bf4 Qxf4 18. Qxc6 Rb8 19. Rd2 Rb6 20. Nh5 Qb8 21. Nxf6+ Bxf6 22. Qa4 Rd8 23. Qc2 d4 24. Rad1 d3 25. Rxd3 Rxd3 26. Qxd3 Rxb2 27. a4 Rb3 28. Rc1 Qf4 29. Re1 Qxa4 30. Qf5 Qc6 31. Ne5 Qe6 32. Qxe6 fxe6 33. g3 Rxc3 34. Nc6 Ra3 35. Rxe6 c4 36. Re8+ Kf7 37. Rc8 c3 38. Rc7+ Ke6 39. Nxa7 Be5 40. Nb5 Ra1+ 0-1

[Event "Skopje"]
[Site "Skopje"]
[Date "1991.??.??"]
[Round "6"]
[White "Kocovski, Ivan"]
[Black "Redzepagic, Rolando"]
[Result "1/2-1/2"]
[WhiteElo "2325"]
[BlackElo "2340"]
[PlyCount "22"]
[EventDate "1991.??.??"]
[EventType "tourn"]
[EventRounds "13"]
[EventCountry "MKD"]
[EventCategory "8"]
[SourceTitle "EXT 1997"]
[Source "ChessBase"]
[SourceDate "1996.11.15"]
[SourceVersion "1"]
[SourceVersionDate "1996.11.15"]
[SourceQuality "1"]

1. Nf3 c5 2. e4 Nc6 3. d4 cxd4 4. Nxd4 Qb6 5. Nb3 e6 6. Bd3 Nf6 7. Nc3 a6 8. 0-0 Be7 9. Be3 Qc7 10. f4 d6 11. a4 b6 1/2-1/2

[Event "Skopje"]
[Site "Skopje"]
[Date "1991.??.??"]
[Round "9"]
[White "Redzepagic, Rolando"]
[Black "Golubev, Mikhail"]
[Result "0-1"]
[WhiteElo "2340"]
[BlackElo "2420"]
[PlyCount "34"]
[EventDate "1991.??.??"]
[EventType "tourn"]
[EventRounds "13"]
[EventCountry "MKD"]
[EventCategory "8"]
[SourceTitle "EXT 1997"]
[Source "ChessBase"]
[SourceDate "1996.11.15"]
[SourceVersion "1"]
[SourceVersionDate "1996.11.15"]
[SourceQuality "1"]

1. d4 Nf6 2. c4 g6 3. Nc3 Bg7 4. e4 d6 5. h3 0-0 6. Nf3 e5 7. d5 Na6 8. Be3 Nh5 9. Ng1 Qe8 10. Be2 f5 11. exf5 Nf4 12. Bf3 e4 13. Nxe4 Bxf5 14. Nc3 Nd3+ 15. Kd2 Nxf2 16. Qe1 Nxh1 17. Nge2 Nb4 0-1

[Event "Skopje"]
[Site "Skopje"]
[Date "1991.??.??"]
[Round "11"]
[White "Redzepagic, Rolando"]
[Black "Rashkovsky, Nukhim N"]
[Result "1/2-1/2"]
[WhiteElo "2340"]
[BlackElo "2535"]
[PlyCount "83"]
[EventDate "1991.??.??"]
[EventType "tourn"]
[EventRounds "13"]
[EventCountry "MKD"]
[EventCategory "8"]
[SourceTitle "EXT 1997"]
[Source "ChessBase"]
[SourceDate "1996.11.15"]
[SourceVersion "1"]
[SourceVersionDate "1996.11.15"]
[SourceQuality "1"]

1. d4 c5 2. d5 e5 3. e4 d6 4. Nc3 a6 5. a4 Be7 6. Be2 Bg5 7. Nf3 Bxc1 8. Qxc1 Ne7 9. Nd2 Nd7 10. Nc4 Nb6 11. Ne3 Bd7 12. 0-0 0-0 13. Qd2 f5 14. exf5 Nxf5 15. f4 exf4 16. Nxf5 Bxf5 17. Rxf4 Qe7 18. Raf1 Qe5 19. h3 Rae8 20. R1f2 g5 21. R4f3 Bg6 22. Bd3 Rxf3 23. Rxf3 Kg7 24. a5 Nd7 25. Bxg6 hxg6 26. Kf2 Nf6 27. Re3 Qf4+ 28. Ke2 Qg3 29. Rxe8 Qxg2+ 30. Kd1 Qxd2+ 31. Kxd2 Nxe8 32. Ne4 Kh6 33. Ke3 Kh5 34. Kf3 Kh4 35. c4 Kxh3 36. Nxg5+ Kh4 37. Kf4 Kh5 38. Nf7 Kh4 39. Ng5 Ng7 40. Nf7 Ne8 41. Ng5 Ng7 42. Nf7 1/2-1/2

[Event "Skopje"]
[Site "Skopje"]
[Date "1991.??.??"]
[Round "1"]
[White "Redzepagic, Rolando"]
[Black "Tringov, Georgi Petrov"]
[Result "1/2-1/2"]
[WhiteElo "2340"]
[BlackElo "2420"]
[PlyCount "123"]
[EventDate "1991.??.??"]
[EventType "tourn"]
[EventRounds "13"]
[EventCountry "MKD"]
[EventCategory "8"]
[SourceTitle "EXT 1997"]
[Source "ChessBase"]
[SourceDate "1996.11.15"]
[SourceVersion "1"]
[SourceVersionDate "1996.11.15"]
[SourceQuality "1"]

1. d4 Nf6 2. c4 c5 3. d5 g6 4. Nc3 d6 5. e4 Bg7 6. h3 0-0 7. Nf3 e6 8. Bd3 Na6 9. 0-0 Nc7 10. Bg5 h6 11. Be3 exd5 12. cxd5 Re8 13. a4 b6 14. Qd2 Kh7 15. Rfe1 Ba6 16. Bf4 Bxd3 17. Qxd3 Rc8 18. Qc4 a6 19. e5 b5 20. axb5 axb5 21. Nxb5 Nxb5 22. exf6 Rxe1+ 23. Rxe1 Qxf6 24. Be5 dxe5 25. Qxb5 Qd6 26. Qb7 Rc7 27. Qb8 f5 28. Rc1 e4 29. Nd2 Qd7 30. Qb6 Bd4 31. b4 Rb7 32. Qc6 cxb4 33. Rc4 Be5 34. Nb3 Rc7 35. Qxd7+ Rxd7 36. Rc5 Kg8 37. Kf1 Kf7 38. Rb5 Bc3 39. Ke2 g5 40. Ke3 Kf6 41. Nc5 Rd8 42. Nb7 Re8 43. g3 Ra8 44. Na5 Ra6 45. g4 Be5 46. Nc4 Bf4+ 47. Kd4 fxg4 48. hxg4 Ra2 49. Rxb4 Rxf2 50. Rb6+ Kf7 51. Kxe4 Bg3 52. Rb7+ Kf6 53. Rb6+ Kf7 54. Ne3 Rf4+ 55. Kd3 Rf3 56. Rxh6 Bf4 57. Re6 Rg3 58. Kd4 Bxe3+ 59. Rxe3 Rxg4+ 60. Kc5 Rg1 61. d6 Rc1+ 62. Kd5 1/2-1/2

[Event "YUG-chT FL"]
[Site "Arandjelovac"]
[Date "1990.??.??"]
[Round "4"]
[White "Barlov, Dragan"]
[Black "Redzepagic, Rolando"]
[Result "1-0"]
[WhiteElo "2495"]
[BlackElo "2355"]
[PlyCount "121"]
[EventDate "1990.??.??"]
[EventType "team"]
[EventRounds "11"]
[EventCountry "YUG"]
[SourceTitle "EXT 1997"]
[Source "ChessBase"]
[SourceDate "1996.11.15"]
[SourceVersion "1"]
[SourceVersionDate "1996.11.15"]
[SourceQuality "1"]

1. d4 d6 2. e4 Nf6 3. Nc3 g6 4. g3 Bg7 5. Bg2 0-0 6. Nge2 e5 7. h3 exd4 8. Nxd4 Nbd7 9. 0-0 Re8 10. Nb3 Rb8 11. Na5 Nc5 12. Re1 Bd7 13. a4 Qc8 14. g4 a6 15. Nb3 Nxb3 16. cxb3 h5 17. g5 Nh7 18. h4 Bh3 19. Bh1 f6 20. Be3 Qg4+ 21. Qxg4 Bxg4 22. b4 c6 23. Kh2 Ra8 24. Kg3 Re7 25. f3 Be6 26. Rad1 Bb3 27. Rxd6 fxg5 28. Kf2 Be5 29. Rxg6+ Kf7 30. Rh6 Kg7 31. hxg5 Rd8 32. Ne2 Rd1 33. Rxd1 Bxd1 34. Nd4 Rd7 35. Nf5+ Kg8 36. g6 Nf6 37. g7 Rxg7 38. Nxg7 Kxg7 39. Ke1 Bxa4 40. f4 Bxb2 41. f5 Ng4 42. Rg6+ Kf7 43. Bf4 Ne5 44. Rg3 Bb5 45. Kd2 b6 46. Bf3 h4 47. Bh5+ Ke7 48. Rg8 c5 49. bxc5 bxc5 50. Bg5+ Kd6 51. Bxh4 c4 52. Kc2 c3 53. Rd8+ Kc7 54. Be8 Nf3 55. Bxb5 axb5 56. Be7 Ne1+ 57. Kb3 Nf3 58. f6 b4 59. f7 Nd2+ 60. Rxd2 cxd2 61. Kc2 1-0

[Event "YUG-chT FL"]
[Site "Arandjelovac"]
[Date "1990.??.??"]
[Round "11"]
[White "Vencl, Radivoje"]
[Black "Redzepagic, Rolando"]
[Result "1-0"]
[WhiteElo "2305"]
[BlackElo "2355"]
[PlyCount "89"]
[EventDate "1990.??.??"]
[EventType "team"]
[EventRounds "11"]
[EventCountry "YUG"]
[SourceTitle "EXT 1997"]
[Source "ChessBase"]
[SourceDate "1996.11.15"]
[SourceVersion "1"]
[SourceVersionDate "1996.11.15"]
[SourceQuality "1"]

1. e4 c6 2. d4 d5 3. exd5 cxd5 4. Bd3 Nc6 5. c3 Nf6 6. Bf4 Bg4 7. Qb3 Qd7 8. Nd2 e6 9. Ngf3 Bxf3 10. Nxf3 Bd6 11. Bg5 Ne4 12. Bxe4 dxe4 13. Nd2 h6 14. Be3 f5 15. f4 Na5 16. Qc2 Rc8 17. 0-0 0-0 18. Kh1 a6 19. Rf2 Rc6 20. g4 b5 21. a3 Nc4 22. Nxc4 Rxc4 23. gxf5 exf5 24. Rg1 Rfc8 25. Qe2 Bf8 26. Qh5 R4c6 27. Rfg2 a5 28. Qh3 Qf7 29. d5 Qxd5 30. Bd4 R8c7 31. Be5 Rf7 32. Qe3 Qd7 33. Rd2 Qb7 34. Rd8 Rc8 35. Rd2 b4 36. axb4 axb4 37. h3 bxc3 38. bxc3 Bc5 39. Bd4 Bxd4 40. Qxd4 e3+ 41. Rdg2 Re8 42. Kh2 Re4 43. Qd8+ Kh7 44. Rg6 Qb2+ 45. Kh1 1-0

[Event "YUG-chT FL"]
[Site "Arandjelovac"]
[Date "1990.??.??"]
[Round "2"]
[White "Vratonjic, Slobodan"]
[Black "Redzepagic, Rolando"]
[Result "1/2-1/2"]
[WhiteElo "2360"]
[BlackElo "2355"]
[PlyCount "38"]
[EventDate "1990.??.??"]
[EventType "team"]
[EventRounds "11"]
[EventCountry "YUG"]
[SourceTitle "EXT 1997"]
[Source "ChessBase"]
[SourceDate "1996.11.15"]
[SourceVersion "1"]
[SourceVersionDate "1996.11.15"]
[SourceQuality "1"]

1. e4 c6 2. d4 d5 3. exd5 cxd5 4. c4 Nf6 5. Nc3 e6 6. Nf3 Be7 7. cxd5 Nxd5 8. Bd3 Nc6 9. 0-0 0-0 10. Re1 Nf6 11. Bg5 b6 12. a3 Bb7 13. Bc2 Rc8 14. Qd3 g6 15. Bh6 Re8 16. h4 Na5 17. Ne5 Nc6 18. Nf3 Na5 19. Ne5 Nc6 1/2-1/2

[Event "Slupsk op"]
[Site "Slupsk"]
[Date "1988.08.09"]
[Round "6"]
[White "Redzepagic, Rolando"]
[Black "Certek, Pavel"]
[Result "0-1"]
[WhiteElo "2315"]
[BlackElo "2260"]
[PlyCount "42"]
[EventDate "1988.08.04"]
[EventType "swiss"]
[EventRounds "11"]
[EventCountry "POL"]
[SourceTitle "EXT 2015"]
[Source "ChessBase"]
[SourceDate "2014.11.20"]
[SourceVersion "1"]
[SourceVersionDate "2014.11.20"]
[SourceQuality "1"]

1. d4 Nf6 2. Nf3 g6 3. c4 Bg7 4. Nc3 d5 5. Bg5 Ne4 6. cxd5 Nxg5 7. Nxg5 e6 8. Qd2 h6 9. Nh3 exd5 10. Nf4 0-0 11. e3 c5 12. 0-0-0 cxd4 13. exd4 Nc6 14. Nfxd5 Nxd4 15. Kb1 Rb8 16. Bd3 b5 17. Ne3 Be6 18. Ne2 Qb6 19. Nf4 Bxa2+ 20. Kxa2 Qa6+ 21. Kb1 Nb3 0-1

[Event "Dreszer Memorial"]
[Site "Gdynia"]
[Date "1988.??.??"]
[Round "4"]
[White "Maciejewski, Miroslaw"]
[Black "Redzepagic, Rolando"]
[Result "1-0"]
[WhiteElo "2340"]
[BlackElo "2330"]
[PlyCount "103"]
[EventDate "1988.??.??"]
[EventType "tourn"]
[EventRounds "13"]
[EventCountry "POL"]
[EventCategory "5"]
[SourceTitle "EXT 1997"]
[Source "ChessBase"]
[SourceDate "1996.11.15"]
[SourceVersion "1"]
[SourceVersionDate "1996.11.15"]
[SourceQuality "1"]

1. e4 c6 2. d4 d5 3. Nc3 dxe4 4. Nxe4 Nf6 5. Nxf6+ gxf6 6. Bc4 Bf5 7. Ne2 Nd7 8. Be3 e6 9. Ng3 Bg6 10. h4 h5 11. Bd3 Bxd3 12. Qxd3 Qa5+ 13. Bd2 Qd5 14. c4 Qxg2 15. 0-0-0 0-0-0 16. Qe2 c5 17. d5 Ne5 18. Bc3 Ng4 19. Bxf6 Bh6+ 20. Kb1 Qxf2 21. Bxd8 Rxd8 22. dxe6 Qxe2 23. Rxd8+ Kxd8 24. Nxe2 fxe6 25. Ng3 Nf6 26. Re1 Kd7 27. Ne4 Nxe4 28. Rxe4 Bg7 29. b3 e5 30. Kc2 Ke6 31. Kd3 Bf6 32. Re1 Bxh4 33. Rh1 Bf2 34. Rxh5 Kd6 35. Ke4 Bd4 36. Rh6+ Kc7 37. Kd5 a6 38. Rg6 Kb8 39. Re6 Kc7 40. Re7+ Kb6 41. Kd6 Bc3 42. Kd5 Bd4 43. Rh7 Ka7 44. Rc7 Kb6 45. Rc8 Ka5 46. a3 b6 47. Rc6 Bc3 48. Re6 Bd4 49. Kc6 Bb2 50. Kb7 Bxa3 51. Rxb6 Bb2 52. b4+ 1-0

[Event "Mendrisio op"]
[Site "Mendrisio"]
[Date "1988.??.??"]
[Round "3"]
[White "Redzepagic, Rolando"]
[Black "Bozzi, Gianni Moritz"]
[Result "0-1"]
[WhiteElo "2315"]
[BlackElo "2015"]
[PlyCount "66"]
[EventDate "1988.10.??"]
[EventType "swiss"]
[EventRounds "9"]
[EventCountry "SUI"]
[SourceTitle "EXT 1997"]
[Source "ChessBase"]
[SourceDate "1996.11.15"]
[SourceVersion "1"]
[SourceVersionDate "1996.11.15"]
[SourceQuality "1"]

1. d4 Nf6 2. Nf3 d6 3. Bg5 Bf5 4. e3 Nbd7 5. Bd3 Bxd3 6. cxd3 e6 7. Qb3 c5 8. Bxf6 gxf6 9. d5 e5 10. Nh4 Qb6 11. Qc3 Qb4 12. e4 b5 13. Nf5 Nb6 14. Qxb4 cxb4 15. Nd2 Nd7 16. 0-0-0 Nc5 17. Nb3 a5 18. Nxc5 dxc5 19. Kd2 Kd7 20. Rc1 Rc8 21. Rc2 Bd6 22. Rhc1 a4 23. Ke2 Rc7 24. Kf3 Rhc8 25. b3 Ra8 26. Nh6 axb3 27. axb3 Ra3 28. Rb1 c4 29. Ke2 cxb3 30. Rxc7+ Bxc7 31. Nf5 Bb6 32. Ne3 Bd4 33. Nd1 Ra2+ 0-1

[Event "Dreszer Memorial"]
[Site "Gdynia"]
[Date "1988.??.??"]
[Round "8"]
[White "Sapis, Witalis"]
[Black "Redzepagic, Rolando"]
[Result "0-1"]
[WhiteElo "2445"]
[BlackElo "2330"]
[PlyCount "74"]
[EventDate "1988.??.??"]
[EventType "tourn"]
[EventRounds "13"]
[EventCountry "POL"]
[EventCategory "5"]
[SourceTitle "EXT 1997"]
[Source "ChessBase"]
[SourceDate "1996.11.15"]
[SourceVersion "1"]
[SourceVersionDate "1996.11.15"]
[SourceQuality "1"]

1. d4 d5 2. c4 c6 3. Nf3 Nf6 4. Nc3 dxc4 5. a4 Bf5 6. e3 e6 7. Bxc4 Bb4 8. 0-0 0-0 9. Ne2 Nbd7 10. Nh4 Bg6 11. Nxg6 hxg6 12. Nf4 Qe7 13. Qe2 Bd6 14. e4 Bxf4 15. Bxf4 e5 16. dxe5 Nxe5 17. Ba2 Rfe8 18. f3 Nfd7 19. Be3 Nc5 20. f4 Ned3 21. e5 Nb4 22. Bc4 Rad8 23. Ra3 Nd5 24. Bc1 Ne6 25. Bxd5 Rxd5 26. Rh3 Red8 27. Be3 Nd4 28. Bxd4 Rxd4 29. f5 Rd2 30. Qg4 R8d4 31. Qf3 g5 32. Qh5 Rh4 33. Rxh4 gxh4 34. f6 Qc5+ 35. Kh1 Rf2 36. Rg1 Rxf6 37. Rd1 Qd5 0-1

[Event "Naleczow masters"]
[Site "Naleczow"]
[Date "1987.??.??"]
[Round "10"]
[White "Goldin, Alexander"]
[Black "Redzepagic, Rolando"]
[Result "1-0"]
[WhiteElo "2465"]
[BlackElo "2390"]
[PlyCount "37"]
[EventDate "1987.07.??"]
[EventType "tourn"]
[EventRounds "12"]
[EventCountry "POL"]
[EventCategory "7"]
[SourceTitle "EXT 2001"]
[Source "ChessBase"]
[SourceDate "2000.11.22"]
[SourceVersion "1"]
[SourceVersionDate "2000.11.22"]
[SourceQuality "1"]

1. d4 d5 2. c4 c6 3. Nf3 Nf6 4. Nc3 dxc4 5. a4 Bf5 6. e3 e6 7. Bxc4 Bb4 8. 0-0 0-0 9. Qe2 Nbd7 10. e4 Bg6 11. Bd3 Bh5 12. e5 Nd5 13. Nxd5 cxd5 14. Qe3 a6 15. Ng5 h6 16. Qh3 Be2 17. Nxe6 Bxd3 18. Nxd8 Bxf1 19. Nxb7 1-0

[Event "Naleczow masters"]
[Site "Naleczow"]
[Date "1987.??.??"]
[Round "5"]
[White "Redzepagic, Rolando"]
[Black "Jasnikowski, Zbigniew"]
[Result "0-1"]
[WhiteElo "2390"]
[BlackElo "2410"]
[PlyCount "112"]
[EventDate "1987.07.??"]
[EventType "tourn"]
[EventRounds "12"]
[EventCountry "POL"]
[EventCategory "7"]
[SourceTitle "EXT 2001"]
[Source "ChessBase"]
[SourceDate "2000.11.22"]
[SourceVersion "1"]
[SourceVersionDate "2000.11.22"]
[SourceQuality "1"]

1. d4 Nf6 2. c4 g6 3. Nc3 d5 4. cxd5 Nxd5 5. e4 Nxc3 6. bxc3 Bg7 7. Nf3 c5 8. Rb1 0-0 9. Be2 cxd4 10. cxd4 Qa5+ 11. Qd2 Qxd2+ 12. Bxd2 e6 13. 0-0 b6 14. Rbc1 Bb7 15. Bd3 Nc6 16. e5 Rad8 17. Bg5 Nxe5 18. Nxe5 Rxd4 19. Be3 Rdd8 20. Rc7 Bxe5 21. Rxb7 Rxd3 22. Rxa7 b5 23. g3 Rb8 24. Kg2 Rd5 25. Rc1 Kf8 26. Bh6+ Ke8 27. Rb1 Bd4 28. Rc7 Rc5 29. Rxc5 Bxc5 30. Rc1 Bd4 31. Kf3 Ra8 32. Rc2 Ra4 33. Be3 Ra3 34. Ke4 Bxe3 35. fxe3 f5+ 36. Kd4 Kd7 37. Kc5 Rxe3 38. Kxb5 e5 39. a4 Rb3+ 40. Kc4 Rb8 41. Kd5 e4 42. Ke5 Rb4 43. Ra2 Kc6 44. a5 Kb7 45. a6+ Ka7 46. Kf4 Rb3 47. Kg5 Rd3 48. Ra1 Rd2 49. g4 Rf2 50. Rd1 Kxa6 51. Rd7 e3 52. Rxh7 e2 53. Re7 f4 54. h4 f3 55. Kf4 Rf1 56. h5 g5+ 0-1

[Event "Naleczow masters"]
[Site "Naleczow"]
[Date "1987.??.??"]
[Round "3"]
[White "Staniszewski, Piotr"]
[Black "Redzepagic, Rolando"]
[Result "1-0"]
[WhiteElo "2445"]
[BlackElo "2390"]
[PlyCount "121"]
[EventDate "1987.07.??"]
[EventType "tourn"]
[EventRounds "12"]
[EventCountry "POL"]
[EventCategory "7"]
[SourceTitle "EXT 2001"]
[Source "ChessBase"]
[SourceDate "2000.11.22"]
[SourceVersion "1"]
[SourceVersionDate "2000.11.22"]
[SourceQuality "1"]

1. d4 d5 2. c4 c6 3. Nf3 Nf6 4. Nc3 dxc4 5. a4 Bf5 6. e3 e6 7. Bxc4 Bb4 8. 0-0 0-0 9. Qe2 Nbd7 10. e4 Bg6 11. Bd3 Bh5 12. Bf4 Re8 13. e5 Nd5 14. Nxd5 cxd5 15. h3 Nb8 16. g4 Bg6 17. Bxg6 fxg6 18. Qb5 a5 19. Qxb7 Nd7 20. Kg2 Qe7 21. Be3 Rab8 22. Qa6 Rb6 23. Qe2 Reb8 24. Rfc1 Nf8 25. Rc2 Qe8 26. Ne1 Bxe1 27. Qxe1 Rb4 28. b3 g5 29. Rc7 Qg6 30. Qb1 Qe8 31. Bxg5 Rxb3 32. Qc1 Qg6 33. Qf4 h6 34. Bh4 Nh7 35. Rac1 Rf8 36. Rc8 Rb7 37. Qe3 h5 38. Kg3 Rxc8 39. Rxc8+ Nf8 40. f3 hxg4 41. hxg4 Qb1 42. Qc1 Qb4 43. Qc3 Qb1 44. Qc1 Qb4 45. Bg5 Rf7 46. Qc3 Qxa4 47. Bc1 Qd1 48. Qe3 Kh7 49. Ba3 Ng6 50. Rc1 Qa4 51. Qd3 Qe8 52. Bd6 Rf4 53. Rc7 Qa4 54. Rc1 Qe8 55. Rc7 Qa4 56. Rc1 Qe8 57. Rh1+ Kg8 58. Rb1 Kh7 59. Rh1+ Kg8 60. Rb1 Kh7 61. Qc2 1-0

[Event "Naleczow masters"]
[Site "Naleczow"]
[Date "1986.??.??"]
[Round "5"]
[White "Sygulski, Artur"]
[Black "Redzepagic, Rolando"]
[Result "1-0"]
[WhiteElo "2425"]
[BlackElo "2360"]
[PlyCount "67"]
[EventDate "1986.07.??"]
[EventType "tourn"]
[EventRounds "11"]
[EventCountry "POL"]
[EventCategory "7"]
[SourceTitle "EXT 2001"]
[Source "ChessBase"]
[SourceDate "2000.11.22"]
[SourceVersion "1"]
[SourceVersionDate "2000.11.22"]
[SourceQuality "1"]

1. d4 d5 2. Nf3 c6 3. c4 Nf6 4. Nc3 e6 5. e3 Nbd7 6. b3 Bd6 7. Bb2 0-0 8. Be2 dxc4 9. bxc4 e5 10. 0-0 e4 11. Nd2 Re8 12. Qc2 Nf8 13. Ndxe4 Nxe4 14. Nxe4 Bf5 15. Bd3 Bxe4 16. Bxe4 Bxh2+ 17. Kxh2 Qh4+ 18. Kg1 Rxe4 19. g3 Rg4 20. Kg2 Qg5 21. Rh1 Re8 22. Rh3 Rge4 23. Rah1 h6 24. Rh5 Qe7 25. Qc3 Ng6 26. d5 f6 27. Qd3 Qb4 28. Bd4 c5 29. d6 cxd4 30. d7 Qe7 31. dxe8Q+ Qxe8 32. exd4 Nf4+ 33. gxf4 Qg6+ 34. Qg3 1-0

[Event "Naleczow masters"]
[Site "Naleczow"]
[Date "1986.??.??"]
[Round "7"]
[White "Szymczak, Zbigniew"]
[Black "Redzepagic, Rolando"]
[Result "1-0"]
[WhiteElo "2400"]
[BlackElo "2360"]
[PlyCount "61"]
[EventDate "1986.07.??"]
[EventType "tourn"]
[EventRounds "11"]
[EventCountry "POL"]
[EventCategory "7"]
[SourceTitle "EXT 2001"]
[Source "ChessBase"]
[SourceDate "2000.11.22"]
[SourceVersion "1"]
[SourceVersionDate "2000.11.22"]
[SourceQuality "1"]

1. d4 d5 2. c4 c6 3. Nf3 Nf6 4. Qc2 Bg4 5. Ne5 e6 6. Nxg4 Nxg4 7. h3 Nf6 8. e3 Ne4 9. Nc3 f5 10. Bd3 Bd6 11. 0-0 0-0 12. Ne2 Nd7 13. f3 Ng3 14. Nxg3 Bxg3 15. Bd2 Bd6 16. c5 Bc7 17. b4 Qf6 18. f4 g5 19. fxg5 Qxg5 20. Rf3 a6 21. e4 Qg7 22. e5 Kh8 23. Bf4 Rg8 24. a4 Qf7 25. Kh2 Nf8 26. Raf1 Qe7 27. Rg3 Ng6 28. Bg5 Qd7 29. Bf6+ Rg7 30. h4 Bd8 31. h5 1-0